000 003610000a22001570004500
005 20120302064024.0
942 _cBOOK
100 _a Bhatkande,Sriram Mahadev;Apte,shantaram Parshuram
245 _a Vedmata-Gayatri
250 _a 2nd
260 _aThane:Ghantali mitra Mandal
300 _aix;70p.
040 _aMar
365 _b15/-
650 _aGayatri
999 _c361074
_d361071